| 000 | 00633nam a22001697a 4500 | ||
|---|---|---|---|
| 003 | OSt | ||
| 005 | 20150915163231.0 | ||
| 008 | 150915b xxu||||| |||| 00| 0 eng d | ||
| 040 | _cRUA | ||
| 082 | _aAGR CHA 2003 B029 Or.1 | ||
| 100 |
_9546 _aCHAN SAVON |
||
| 245 | _aEffect of fruit walls and non-fruit walls grount on yields,(ប្រសិទ្ធភាពរបស់សណ្ដែកដី ដំាដោយគ្រាប់ពូជមានសំបក និងឥតសំបកទៅលើទិន្នផល) | ||
| 250 | _b | ||
| 260 |
_aphnom penh _bRUA _c2003 |
||
| 300 |
_a37p. _cill. _g29cm. |
||
| 942 |
_2ddc _cAGR |
||
| 999 |
_c524 _d524 |
||